Oral anatomy. -- 5th ed. (Record no. 32257)

MARC details
000 -LEADER
fixed length control field 00712nam a2200217 a 4500
008 - FIXED-LENGTH DATA ELEMENTS--GENERAL INFORMATION
fixed length control field 110901s1970 ||||||||||||||||| || u
020 ## - INTERNATIONAL STANDARD BOOK NUMBER
International Standard Book Number 801646030
050 ## - LIBRARY OF CONGRESS CALL NUMBER
Classification number RK 280 Sic
100 ## - MAIN ENTRY--PERSONAL NAME
Personal name Sicher, Harry
245 10 - TITLE STATEMENT
Title Oral anatomy. -- 5th ed.
Statement of responsibility, etc. Harry Sicher and E. Lloyd Du Brul
250 ## - EDITION STATEMENT
Edition statement 5th ed.
260 ## - PUBLICATION, DISTRIBUTION, ETC.
Place of publication, distribution, etc. St. Louis, MO
Name of publisher, distributor, etc. Mosby
Date of publication, distribution, etc. 1970
300 ## - PHYSICAL DESCRIPTION
Extent xvii, 502p.: ill.
350 ## -
-- 0.00
650 ## - SUBJECT ADDED ENTRY--TOPICAL TERM
Topical term or geographic name entry element MOUTH
650 #3 - SUBJECT ADDED ENTRY--TOPICAL TERM
Topical term or geographic name entry element ANATOMY
650 #7 - SUBJECT ADDED ENTRY--TOPICAL TERM
Topical term or geographic name entry element TEETH
Source of heading or term fast
650 ## - SUBJECT ADDED ENTRY--TOPICAL TERM
Topical term or geographic name entry element JAWS
700 ## - ADDED ENTRY--PERSONAL NAME
Personal name Du Brul, Lloyd E
995 ## -
-- MEDICAL LIBRARY OPEN ACCESS
-- 0.00
-- 900802
-- CBU-SCHOOL OF MEDICINE LIBRARY (Ndola)
-- 1
-- 0.00
-- RK 280 SIC
-- 1
-- AVAILABLE
-- Oct 31, 2011
-- 900802
-- Medical Library Open Access Collection
999 ## -
-- 32257
-- 32257
Holdings
Withdrawn status Lost status Source of classification or shelving scheme Damaged status Not for loan Permanent Location Current Location Shelving location Date acquired Total Checkouts Full call number Barcode Date last seen Price effective from Koha item type
          CBU-SCHOOL OF MEDICINE LIBRARY, NDOLA. CBU-SCHOOL OF MEDICINE LIBRARY, NDOLA.   11/30/2022   RK 280 Sic 900802 11/30/2022 11/30/2022 MONOGRAPH